000 01150cam a2200361 a 4500
008 981001s1999 maua b 001 0 eng
010 _a 98071539
020 _a0395900794 (student text)
020 _a0395900808 (library ed.)
040 _aDLC
_cDLC
_dDLC
043 _an-us---
050 0 0 _aHD70.U5
_bP68 1999
082 0 0 _a650
_221
092 0 4 _a650
_bP9477 1999
_221
099 _a04
_a650 P9477 1999
100 1 _aPride, William M.,
_d1942-
245 1 0 _aBusiness /
_cWilliam M. Pride, Robert J. Hughes, Jack R. Kapoor.
250 _a6th ed.
260 _aBoston :
_bHoughton Mifflin Co.,
_cc1999.
300 _axxxi, 591, 86 p. :
_bill. (some col.) ;
_c29 cm.
504 _aIncludes bibliographical references (A50-A69) and indexes.
650 0 _aBusiness enterprises
_zUnited States.
650 0 _aBusiness.
650 0 _aIndustrial management
_zUnited States.
650 0 _aManagement.
700 1 _aHughes, Robert James,
_d1946-
700 1 _aKapoor, Jack R.,
_d1937-
902 _a1
905 _aAmro L.
_eCat
905 _aEman
_eRev.
942 _2ddc
_cBK
999 _c149629
_d149629